LEADER 01163nam a2200253 i 4500 001 000000055544 003 CaOOAMICUS 005 20120824000000.0 008 120824s1938 it u000 u ita u 013 $a26716 040 $aSeMil$bita 100 1 $aBarili, Antonio,$c.$0(OLS)http://semarc/name/27924 245 10$aCastiglione Olona e Masolino da Panicale /$cAntonio Barili ; con prefazione di Paolo Arcari. 260 $aMilano :$bUnione Tipografica,$c1938. 300 $a96 p., [4] c. di tav. :$bill. ;$c25 cm. 600 04$aMasolino : da Panicale <1383-1440>.$0(OLS)http://semarc/subject/11306 600 14$aCastiglioni, Branda .$0(OLS)http://semarc/subject/2620 650 4$aCastiglione Olona.$0(OLS)http://semarc/subject/2619 700 1 $aArcari, Paolo <1879-1955>.$0(OLS)http://semarc/name/8622 850 $aSeMil 852 $aSeMil$W1$xVenegono$y1$m3P IV 133$j21698$B21698$CSeMilBibl$Z2$F21700 $81 961 $aOmaggio: Donazione 996 $6245$aCastiglione Olona e Masolino da Panicale$9(OLS)http://semarc/title/86168 996 $6260$aMilano :$bUnione Tipografica$9(OLS)http://semarc/publisher/34470 LEADER 01893nam a2200313 i 4500 001 000000088772 003 CaOOAMICUS 005 20030908000000.0 008 030908s2003 sp u000 u spa u 013 $a61013 020 $a84-89561-37-0 040 $aSeMil$bita 245 10$aMigraciones, iglesia y derecho :$bactas del 5. Simposio del Instituto Martín de Azpilcueta sobre "Movimientos migratorios y acción de la Iglesia. Aspectos sociales, religiosos y canónicos" : Pamplona, 16 y 17-9-2002 /$cJorge Otaduy, Eloy Tejero, Antonio Viana (eds.) 260 $aPamplona :$bNavarra Gráfica,$c2003. 300 $a300 p. ;$c25 cm. 490 0 $aColección Canónica 650 4$aMigrazioni - Diritto canonico - Atti di congressi.$0(OLS)http://semarc/subject/16441 700 1 $aSimposio Movimientos migratorios y acción de la Iglesia, aspectos sociales, religiosos y canónicos .$0(OLS)http://semarc/name/40251 700 1 $aUniversidad de Navarra : Instituto Martin de Azpilcueta.$0(OLS)http://semarc/name/334 700 1 $aViana, Antonio.$0(OLS)http://semarc/name/4709 700 1 $aOtaduy, Jorge.$0(OLS)http://semarc/name/38115 700 1 $aTejero, Eloy,$c.$0(OLS)http://semarc/name/24575 830 0$aColección Canónica.$0(OLS)http://semarc/title/641 850 $aSeMil 852 $aSeMil$W1$xVenegono$y1$m2H V 122$j51984$B51984$CSeMilBibl$Z2$F56372 $81 961 $aOmaggio per recensione: Scuola Cattolica 996 $6020$a84-89561-37-0$9(OLS)http://semarc/number/68647 996 $6245$aMigraciones, iglesia y derecho :$bactas del 5. Simposio del Instituto Martín de Azpilcueta sobre "Movimientos migratorios y acción de la Iglesia. Aspectos sociales, religiosos y canónicos" : Pamplona, 16 y 17-9-2002$9(OLS)http://semarc/title/134613 996 $6260$aPamplona :$bNavarra Gráfica$9(OLS)http://semarc/publisher/29861